01617 2200433 4500001002100000005001500021035002000036007000300056008004100059020002200100100002800122245033800150250003500488300005100523700003700574700002300611700002800634700002700662700002900689700003100718700003900749700002600788700003400814700002800848264003200876336002100908337003000929338002300959082001500982084001700997650002501014040002201039090002201061500001101083850001201094504003301106999002201139990002201161INLIS00000000090254020260209102756 a0010-0226000376ta260209s2025 a g 1 ind d a978-634-01-1796-73 aTebay, SelviePengarang10aSumber daya perairan Papua :bmenyelami peluang dari potensi perikanan Mimika /cSelvi Tebay, Agnestesya Manuputty, Suhaemi, Luky Sembel, Jemmy Manan, Yuanike Kaber, Sampari Suruan, Emmanuel Manangkalangi, Ida Lapadi, Yuventus Wale Wake, Ihwan Tjolli, Juliana Leiwakabessy, Douklas L Wattimury, Abdul Hamid A. Toha, Aplena Elen Bless aCetakan pertama: November 2025 axvi, 168 halaman :bilustrasi, gambar ;c23 cm3 aManuputty, AgnestesyaePengarang0 aSuhaemiePengarang3 aSembel, LukyePengarang0 aJemmy MananePengarang0 aYuanike KaberePengarang3 aSuruan, SampariePengarang3 aManangkalangi, EmmanuelePengarang0 aIda LapadiePengarang0 aYuventus Wale WakeePengarang0 aIhwan TjolliePengarang31aSleman :bDeepublish,c2025 2rdacontentateks 2rdamediaatanpa perantara 2rdacarrieravolume04223a333.91 a333.91 TEB s 4aSumber daya perairan aYOPDYOGbinderda aCB-D.11 2025-4908 aIndeks aYOPDYOG aBibliografi: halaman 135-145 aCB-D.11/2025-4908 aCB-D.11/2025-4908